| 000 | 004850000a22001690004500 | ||
|---|---|---|---|
| 041 | 0 | _aSPA | |
| 082 | 0 | 4 | _aG 261 C74811p |
| 110 | 1 | _aConfederación Evangélica de Colombia | |
| 245 | 1 | 0 | _aEl pueblo evangélico ante la nación / Confederación Evangélica de Colombia |
| 260 | _aBogotá D. E. : Nuevo Mundo | ||
| 300 | _a14 Pág. | ||
| 001 | 14001 | ||
| 942 | _cBK | ||
| 999 |
_c42924 _d42924 |
||
| 336 |
_atexto _btxt _2rdacontent |
||
| 337 |
_2rdamedia _asin mediación _bn |
||
| 338 |
_2rdacarrier _avolumen _bnc |
||